All 25k+ cities in Virginia with a map - Statistics

General Stats
  • This quiz has been taken 45 times
  • The average score is 20 of 44
Answers on the Map
Answers color-coded by a green-red scale on the quiz's map according to % correct below.
 
Answer Stats
City Population % Correct
Alexandria 159,463
97%
Richmond 226,525
97%
Norfolk 238,029
93%
Virginia Beach 459,444
93%
Newport News 186,239
90%
Chesapeake 249,302
87%
Roanoke 100,016
87%
Arlington 238,643
83%
Lynchburg 79,017
80%
Charlottesville 46,513
77%
Hampton 137,154
77%
Suffolk 94,406
70%
Blacksburg 44,834
67%
Manassas 42,773
67%
Portsmouth 97,945
63%
Leesburg 48,307
60%
Harrisonburg 51,811
57%
Fredericksburg 27,976
53%
Danville 42,586
50%
Winchester 28,115
50%
Petersburg 33,465
47%
Salem 25,341
43%
McLean 50,773
40%
Staunton 25,751
37%
Reston 63,226
30%
Springfield 31,339
30%
Tysons 26,374
30%
Burke 42,312
23%
Centreville 73,518
23%
Dale City 72,088
23%
Woodbridge 44,668
23%
Annandale 43,363
20%
Mechanicsville 39,482
20%
Ashburn 46,349
17%
Tuckahoe 48,051
17%
Cave Spring 26,755
13%
Short Pump 30,626
13%
Sterling 30,337
13%
Oakton 36,732
10%
West Falls Church 30,243
10%
South Riding 33,877
7%
Fair Oaks 34,052
3%
Lake Ridge 46,162
3%
Linton Hall 41,754
3%
No matching quizzes found
Score Distribution
Percent of People with Each Score
Percentile by Number Answered
Your Score History
You have not taken this quiz